01363nam a2200301 a 4500001001000000003000900010005001700019008004100036040003000077041000800107082003300115245010200148264008900250300005500339336002800394337003300422338002800455500002100483500007300504504003200577590002700609651007300636700004200709942001400751952013900765952014000904999001701044000032081DO-SdBNP20250630100924.0110712s19uu dr 000 0 spa d aDO-SdBNPbspacBNPHUerda17aeng 4222a972.93053bG158e [197-?]10aThe era of Trujillo, dominican dictator /cJesús de Galíndez ; editor, Russell H. Fitzgibbon. a [Lugar de publicación no identificado] :bUniversity of Arizona Press,c[197-?]. a298 páginas :bilustraciones, retratos ;c23 cm. 2rdacontent atextobtxt 2rdamediaasin mediaciónbn 2rdacarrieravolumenbnc aIncluye índice aIncluye referencias bibliográficas y notas al pie de las páginas aBibliografía : p. 285-288 aInventariado, 2023/MFF 0aRepública DominicanaxHistoria yEra de Trujillo, 1930-19619787961 aFitzgibbon, Russell H.958203eeditor 2ddccLBS1 00102ddc51708PDaBNPHUbBNPHUcHDd2011-07-12l0oPD 972.93053 G158e [197-?]p32081-10r2020-06-25w2020-06-25yLBS1ZNo se presta 00102ddc51708PDaBNPHUbBNPHUcHDd2011-07-12l0o PD 972.93053 G158e [197-?]p32082-10r2020-06-25w2020-06-25yLBS1ZNo se presta c31572d31572